01258 a2200205 45000010006000000050017000060080041000230030015000640400040000790800066001192450101001850200022002862640034003083000019003425050468003610410008008291000029008377000028008668560158008942120420260407155502.0260407a2013 arg spa dAR-UNSa-BCEJYS aAR-UNSa-BCEJYSbspacAR-UNSa-BCEJYS a336.226xTipos de impuestos. Impuestos directos e indirectos 10aImpuestos sobre los bienes personales y a la ganancia mínima presuntapexplicados y comentados a978-987-01-1468-0 1aBuenos Aires :bErreparc2013 a139 p.c27 cm. aImpuesto sobre los bienes personales: 1. Imposición sobre el patrimonio - 2. Hecho imponible - 3. Exenciones - 4. Valuación de bienes - 5. Régimen de responsabilidad sustituta - 6. Liquidación y pago del impuesto -- Impuesto a la ganancia mínima presunta: 1. Impuesto a la ganancia mínima presunta - 2. Hecho imponible - 3. Bienes exentos, no computables y no considerados como activos - 4. Valuación de bienes - 5. Liquidación y pago del impuesto aspa1 aCeldeiro, Ernesto Carlos1 aImirizaldu, Juan José41uhttps://biblioeco.unsa.edu.ar/pmb/images/libros/Impuestos Sobre los Bienes Personales y a la Ganancia M?nima Presunta .jpgyImagen de portadaqimage/jpeg